| 000 | 01348cam a2200313 i 4500 | ||
|---|---|---|---|
| 001 | 41896 | ||
| 003 | Mx-PuUPA | ||
| 005 | 20260429144007.0 | ||
| 008 | 140415s2021 mx g 001 0 spa d | ||
| 020 | _a9786070910005 | ||
| 040 |
_aMx-PuUPA _bspa _cMx-PuUPA _dMx-PuUPA _erda |
||
| 041 | 0 | _aspa | |
| 100 | 1 |
_aSerra Rojas, Andrés, _d1907-2001 _94474 _eautor |
|
| 245 | 1 | 0 |
_aTeoría del estado / _cAndrés Serra Rojas ; la revisión y ampliación de esta obra se llevó a cabo con la colaboración del licenciado Andrés Serra Rojas Beltri, profesor adjunto en la Facultad de Derecho de la Universidad Nacional Autónoma de México |
| 250 | _aVigésima edición | ||
| 264 | 1 |
_aCiudad de México : _bEditorial Porrúa, _c©2021 |
|
| 300 |
_axxvii, 849 páginas ; _c24 cm |
||
| 336 |
_2rdacontent _atexto _btxt |
||
| 337 |
_2rdamedia _asin medio _bn |
||
| 338 |
_2rdacarrier _avolumen _bnc |
||
| 500 | _a"De acuerdo con los programas de estudios de la Licenciatura en Derecho de la Facultad de Derecho de la Universidad Nacional Autónoma de México".--Portada | ||
| 650 | 7 |
_2armarc _aEstado |
|
| 650 | 7 |
_2armarc _aCiencias políticas |
|
| 650 | 7 |
_2armarc _aEstado _vSinopsis, extractos, etc. |
|
| 700 | 1 |
_aSerra Rojas Beltri, Andrés, _eeditor |
|
| 942 |
_2ddc _cLI _h320.1 _iS48 |
||
| 999 |
_c41896 _d41896 |
||